000 00596nam a22002177a 4500
003 URS
005 20250828100506.0
008 250403b ||||| |||| 00| 0 eng d
020 _a9781906780203
040 _cURS
050 _aDS660
_b.H529p 2012
100 1 _99579
_aHicks, Nigel
245 _aPresenting the Philippines
264 _aOxford, England
_bBeaufoy Books
_c©2012
300 _a160 pages.,:
_c27 cm.
336 _2rdacontent
_atext
337 _2rdamedia
_aunmediated
338 _2rdacarrier
_avolume
650 0 _912076
_aPhilippines
_xDescription and travel.
942 _2lcc
_cF
999 _c84944
_d84942